Generations of love : Extensions /

Saved in:
Bibliografiske detaljer
Hovedforfatter: Bianchi, Matteo B.
Format: Bog
Sprog:italiensk
Udgivet: Roma : Fandango Libri, [2016]
Tags: Tilføj Tag
Ingen Tags, Vær først til at tagge denne postø!

MARC

LEADER 00000nam a22000007i 4500
001 IT\ICCU\UBO\4216376
003 ItRI
005 20250428162048.0
008 161223s2016 it |||||| ||||| |||||c
020 |a 9788860444936 
040 |b ita  |c Arcigay Queer VdA 
041 7 |a ita  |2 ISO-639-2 
082 |a 853.9  |2 20 
100 1 |a Bianchi, Matteo B.  |0 IT\ICCU\CFIV\141484 
240 1 0 |a Generations of love : Exentions  |9 Bianchi, Matteo B. 
245 1 0 |a Generations of love :  |b Extensions /  |c Matteo B. Bianchi. 
260 |a Roma :  |b Fandango Libri,  |c [2016] 
300 |a 283 p. ;  |c 21 cm. 
942 |2 ddc  |c BK 
952 |0 0  |1 0  |2 ddc  |4 0  |6 853_900000000000000_BIA_GEN  |7 1  |9 4027  |a AO  |b AO  |d 2025-04-28  |l 0  |o 853.9 BIA GEN  |p 11212  |r 2025-04-28 16:21:29  |w 2025-04-28  |x Di proprietà di Giulio Gasperini  |y BK 
981 1 |6 z01  |a i   |b xxxe  
982 1 |6 z01  |a n 
999 |c 3128  |d 3128